La théorie psychanalytique des néuroses /
Gardado en:
| Autor Principal: | |
|---|---|
| Formato: | Libro |
| Idioma: | francés |
| Publicado: |
París, Francia :
Presses Universitaires de France,
1953, c1953
|
| Series: | (Bibliothèque de Psychanalyse et de Psychologie Clinique)
|
| Temas: | |
| Etiquetas: |
Sen Etiquetas, Sexa o primeiro en etiquetar este rexistro!
|
MARC
| LEADER | 00000nam^a2200000^a^4500 | ||
|---|---|---|---|
| 001 | 000186844 | ||
| 005 | 20250521000000.0 | ||
| 009 | 20260310102240.299 | ||
| 037 | |a Acervo ITESO - Biblioteca | ||
| 041 | |a FRA | ||
| 082 | |a 616. 852 |b FEN | ||
| 100 | |a Fenichel, Otto |e (autor) | ||
| 240 | 1 | 1 | |a [Teoría psicoanalítica de las neurosis] |
| 245 | 1 | 3 | |a La théorie psychanalytique des néuroses / |c O. Fenichel ; tr. por M. Schlumberger... [et al.]. |
| 264 | 4 | |a París, Francia : |b Presses Universitaires de France, |c 1953, c1953 | |
| 300 | |a 2 v. (835 p.) | ||
| 336 | |a texto |b txt |2 rdacontenido | ||
| 337 | |a sin mediación |b n |2 rdamedio | ||
| 338 | |a volumen |b nc |2 rdasoporte | ||
| 440 | 1 | |a (Bibliothèque de Psychanalyse et de Psychologie Clinique) | |
| 500 | |a Traducción de: The Psychoanalytic Theory of Neurosis | ||
| 501 | |a Encuadernación particular | ||
| 649 | |a XX | ||
| 650 | |a Neurosis - |x Tema Principal | ||
| 650 | |a Neurosis - |x Tratamiento | ||
| 650 | |a Psicopatología | ||
| 650 | |a Psicoterapia Psicoanalítica | ||
| 650 | |a Psicoterapia | ||
| 650 | |a Neuropsicología | ||
| 650 | |a Psicología Clínica | ||
| 740 | 0 | |a Introduction. Le développement mental, les néuroses traumatiques et les psychonéuroses / |c O. Fenichel ; tr. por M. Schlumberger... [et al.]. | |
| 740 | 4 | |a Les psychonéuroses, évolution et thérapeutique des néuroses, bibliographie, index / |c O. Fenichel ; tr. por M. Schlumberger... [et al.]. | |
| 910 | |a Fondo Armando Suárez Gómez | ||
| 920 | |a Impresos - Libros | ||
| 930 | |a Fondos Especiales | ||
| 905 | |a 111 | ||
| 901 | |a 0700006962 |b IT2 |c ESP |u 20250521 | ||
| 902 | |a https://opac.biblio.iteso.mx/vufind/Record/000186844 | ||